000
00314nam a2200121Ia 4500
008
220216s9999 xx 000 0 und d
245
0
_a
RRIM 700 series clones trials (Fourth selection) : Second report
260
_b
Planters Bulletin
_c
1976
300
_a
73-75
650
_a
Girth
650
_a
Yield
942
_c
JS
999
_c
67330
_d
67330